| 000 | 00782nam a22002417a 4500 | ||
|---|---|---|---|
| 005 | 20170124110137.0 | ||
| 010 | _aA-948961 | ||
| 020 |
_c00.00 _a0195644530 |
||
| 035 | _aA-948961 | ||
| 037 | _bCen Lib/Ret | ||
| 040 |
_aDPL _bEN |
||
| 082 |
_aN _bSAT |
||
| 100 |
_aSatthianadhan, Krupabai _932539 |
||
| 245 |
_aKamala : _cby Krupabai Satthianadhan; edited by Chandani Lokuge _bthe story of Hindu life / |
||
| 260 |
_bOxford University Press _aNew Delhi _c1998 |
||
| 270 |
_bNew Delhi _aYMCA Library Building, Jai Singh Road _e110001 |
||
| 300 |
_axv,173p. _c22cm(Hb) |
||
| 500 | _aIncludes bibliographical references | ||
| 650 |
_aWomen -- India -- Fiction _929481 |
||
| 650 |
_aIndia -- Fiction _9102140 |
||
| 700 |
_aLokuge, Chandani _932534 |
||
| 942 |
_2ddc _cEN _hN _mSAT |
||
| 999 |
_c131706 _d131706 |
||